000 00451nam a2200181Ia 4500
005 20250317123518.0
008 008 250317s9999 xx 000 0 eng d
037 _aTextbook
040 _aFMSL
_beng
_cFMSL
041 _aeng
_2eng
084 _qFMSL
100 _aMoroney M J
_948327
245 0 _aFasts from figurs
260 _aNY
_bNY, Penguin Books
_c1969
300 _a396p
942 _cTB
999 _c1251574
_d1251574